دور المسؤولية الاجتماعية في تنمية المشاريع الريادية لدى وزارة التنمية الاجتماعية الاردنية = The Role of Social Responsibility in Developing Entrepreneurial Projects For Jordanian Ministry of Social Development / (Record no. 32271)
[ view plain ]
| 000 -LEADER | |
|---|---|
| fixed length control field | 01236nam a2200241Ii 4500 |
| 003 - CONTROL NUMBER IDENTIFIER | |
| control field | JO-AjNU |
| 005 - DATE AND TIME OF LATEST TRANSACTION | |
| control field | 20240626110132.0 |
| 008 - FIXED-LENGTH DATA ELEMENTS--GENERAL INFORMATION | |
| fixed length control field | 230605s9999||||xx |||||||||||||| ||und|| |
| 040 ## - CATALOGING SOURCE | |
| Original cataloging agency | JO-AjNU |
| Language of cataloging | ara |
| Description conventions | rda |
| Transcribing agency | JO-AjNU |
| 041 ## - LANGUAGE CODE | |
| Language code of text/sound track or separate title | ara |
| 050 14 - LIBRARY OF CONGRESS CALL NUMBER | |
| Classification number | HD60.2022 |
| 100 #1 - MAIN ENTRY--PERSONAL NAME | |
| Personal name | السمارة، علي ابراهيم علي |
| Relator term | معد |
| 9 (RLIN) | 65683 |
| 245 #1 - TITLE STATEMENT | |
| Title | دور المسؤولية الاجتماعية في تنمية المشاريع الريادية لدى وزارة التنمية الاجتماعية الاردنية = The Role of Social Responsibility in Developing Entrepreneurial Projects For Jordanian Ministry of Social Development / |
| Statement of responsibility, etc. | اعداد علي ابراهيم علي السمارة؛ اشراف هشام علي الشطناوي |
| 264 31 - PRODUCTION, PUBLICATION, DISTRIBUTION, MANUFACTURE, AND COPYRIGHT NOTICE | |
| Place of production, publication, distribution, manufacture | 2022 |
| 300 ## - PHYSICAL DESCRIPTION | |
| Extent | 104 ورقة |
| 336 ## - CONTENT TYPE | |
| Content type term | text |
| Content type code | txt |
| Source | rdacontent |
| 337 ## - MEDIA TYPE | |
| Media type term | unmediated |
| Media type code | n |
| Source | rdamedia |
| 338 ## - CARRIER TYPE | |
| Carrier type term | volume |
| Carrier type code | nc |
| Source | rdacarrier |
| 500 ## - GENERAL NOTE | |
| General note | رسالة جامعية(اطروحة ماجستير) تخصص ادارة الاعمال/كلية ادارة الاعمال، جامعة عجلون الوطنية، 2022 |
| 650 #4 - SUBJECT ADDED ENTRY--TOPICAL TERM | |
| Topical term or geographic name entry element | المسؤولية الاجتماعية |
| 9 (RLIN) | 63298 |
| 700 #1 - ADDED ENTRY--PERSONAL NAME | |
| Personal name | شطناوي،هشام علي |
| 9 (RLIN) | 64865 |
| Relator term | مشرف |
| 942 ## - ADDED ENTRY ELEMENTS (KOHA) | |
| Source of classification or shelving scheme | Library of Congress Classification |
| Koha item type | Thesis |
| Withdrawn status | Lost status | Source of classification or shelving scheme | Damaged status | Not for loan | Home library | Current library | Shelving location | Date acquired | Total Checkouts | Full call number | Barcode | Date last seen | Price effective from | Koha item type |
|---|---|---|---|---|---|---|---|---|---|---|---|---|---|---|
| Library of Congress Classification | مكتبة جامعة عجلون الوطنية | مكتبة جامعة عجلون الوطنية | المراجع | 06/06/2023 | HD60.2022 | A28703 | 06/06/2023 | 06/06/2023 | Thesis | |||||
| Library of Congress Classification | مكتبة جامعة عجلون الوطنية | مكتبة جامعة عجلون الوطنية | 26/06/2024 | HD60.2022 | a28702 | 26/06/2024 | 26/06/2024 | Thesis |